Biblioteca "Ernesto Sabato"
Facultad de Derecho y Ciencias Sociales
Facultad de Lenguas
Universidad Nacional del Comahue

Principios y métodos de recreación para la comunidad (Record no. 15508)

MARC details
000 -CABECERA
campo de control de longitud fija 00702cam a22002052a 4500
001 - NÚMERO DE CONTROL
campo de control 009712
003 - IDENTIFICADOR DEL NÚMERO DE CONTROL
campo de control AR-FADEU
008 - DATOS DE LONGITUD FIJA--INFORMACIÓN GENERAL
campo de control de longitud fija 311216n1966####xxu####################dd
092 ## - ASIGNACIÓN LOCAL DE SIGNATURA TOPOGRÁFICA DEWEY (OCLC)
Número de clasificación 380.91
Número de documento/Ítem B981
Característica del encabezamiento BLYNK
100 ## - ENTRADA PRINCIPAL--NOMBRE DE PERSONA
Nombre de persona Butter, George D.
245 ## - MENCIÓN DE TÍTULO
Título Principios y métodos de recreación para la comunidad
260 ## - PUBLICACIÓN, DISTRIBUCIÓN, ETC. (PIE DE IMPRENTA)
Lugar de publicación, distribución, etc. Buenos Aires
260 ## - PUBLICACIÓN, DISTRIBUCIÓN, ETC. (PIE DE IMPRENTA)
Nombre del editor, distribuidor, etc. Bibliográfica Omeba
260 ## - PUBLICACIÓN, DISTRIBUCIÓN, ETC. (PIE DE IMPRENTA)
Fecha de publicación, distribución, etc. 1966
300 ## - DESCRIPCIÓN FÍSICA
Extensión 2 v
440 ## - MENCIÓN DE SERIE/PUNTO DE ACCESO ADICIONAL--TÍTULO
Título América en letras
500 ## - NOTA GENERAL
Nota general Incluye bibliografía. La biblioteca posee: Tomo 1 y 2
650 ## - PUNTO DE ACCESO ADICIONAL DE MATERIA--TÉRMINO DE MATERIA
Término de materia o nombre geográfico como elemento inicial RECREACION; TECNICAS RECREACIONALES; PROGRAMAS RECREACIONALES; ARTESANIAS; TEATRO; MUSICA; JARDINERIA; DEPORTE; INSTALACIONES RECREATIVAS; ATLETISMO/BLYNK/
942 ## - ELEMENTOS DE PUNTO DE ACCESO ADICIONAL (KOHA)
Tipo de ítem Koha BLYNK
Holdings
Estado de retiro Estado de pérdida Estado dañado No para préstamo Código de colección Localización permanente Ubicación/localización actual Ubicación en estantería Fecha de adquisición Número de inventario Total de préstamos Signatura topográfica completa Código de barras Fecha visto por última vez Precio válido a partir de Tipo de ítem Koha
        Biblioteca Natalio Kisnerman Biblioteca Ernesto Sabato - FADECS - UNCOMA Biblioteca Ernesto Sabato - FADECS - UNCOMA Biblioteca Natalio Kisnerman 21/02/2017 14824   380.91 B981 14824 21/02/2017 21/02/2017 BLYNK
        Biblioteca Natalio Kisnerman Biblioteca Ernesto Sabato - FADECS - UNCOMA Biblioteca Ernesto Sabato - FADECS - UNCOMA Biblioteca Natalio Kisnerman 21/02/2017 14825   380.91 B981 14825 21/02/2017 21/02/2017 BLYNK
Facultad de Derecho y Ciencias Sociales | Universidad Nacional del Comahue | Mendoza y Perú General Roca | Río Negro CP (8332) | Patagonia Argentina | Teléfono: 54-0298-4433670 | | Fax: 0298-4432093 | Fax alumnos: 0298-4435700